[Event "Sardinia World op-A"]
[Site "Orosei"]
[Date "2024.05.02"]
[Round "7"]
[White "Vagman, Roy"]
[Black "Lacan Rus, David"]
[Result "1-0"]
[WhiteElo "2357"]
[BlackElo "2214"]
[PlyCount "105"]
[EventDate "2024.04.27"]
[EventType "swiss"]
[EventRounds "9"]
[EventCountry "ITA"]
[SourceTitle "CB19_2024"]
[SourceDate "2024.05.08"]
[SourceVersion "1"]
[SourceVersionDate "2024.05.08"]
[SourceQuality "1"]

1. e4 c5 2. Nf3 Nc6 3. Bb5 g6 4. Bxc6 bxc6 5. 0-0 Bg7 6. Re1 Qc7 7. d3 d6 8. e5 dxe5 9. Nbd2 Nh6 10. Nc4 f6 11. Be3 Be6 12. Nfd2 0-0 13. Bxc5 Nf5 14. Qe2 Bd5 15. c3 Rab8 16. b4 Nd6 17. Na5 f5 18. f3 Bf6 19. a4 Kh8 20. Qf2 a6 21. Rac1 g5 22. Ba7 Rbe8 23. Bb6 Qd7 24. c4 Bf7 25. Bc5 Rg8 26. d4 exd4 27. Bxd4 e5 28. Bc3 Nb7 29. Qa7 Re7 30. Qxa6 Nxa5 31. Qxa5 Qd3 32. Qc5 Rge8 33. a5 Bg7 34. Re3 Qd7 35. Rce1 g4 36. f4 Re6 37. fxe5 f4 38. Re4 Bh6 39. Rd4 Qc8 40. Ne4 Bf8 41. Nd6 Bxd6 42. Rxd6 f3 43. g3 Kg8 44. Kf2 Qb7 45. Qd4 h5 46. Rd7 Qc8 47. Qa7 Rf8 48. Re4 Bg6 49. Rg7+ Kh8 50. Rxg6 Rxg6 51. e6+ Kg8 52. Qd4 Kh7 53. Re5 1-0

[Event "Wch U10"]
[Site "Batumi"]
[Date "2022.09.25"]
[Round "9"]
[White "Lacan Rus, David"]
[Black "Kakavand, Ramtin1111"]
[Result "1-0"]
[WhiteElo "1886"]
[BlackElo "1612"]
[PlyCount "73"]
[EventDate "2022.09.16"]
[EventType "swiss"]
[EventRounds "11"]
[EventCountry "GEO"]
[SourceTitle "EXT 2023"]
[Source "ChessBase"]
[SourceDate "2022.10.05"]
[SourceVersion "1"]
[SourceVersionDate "2022.10.05"]
[SourceQuality "1"]

1. e4 e5 2. Nf3 Nc6 3. d4 exd4 4. Bc4 Nf6 5. e5 d5 6. Bb5 Ne4 7. Nxd4 Bd7 8. Bxc6 bxc6 9. 0-0 Bc5 10. f3 Ng5 11. f4 Ne4 12. Be3 Qb8 13. b3 Qb6 14. Qd3 0-0 15. c3 a5 16. Nd2 Nxd2 17. Qxd2 Rae8 18. Rab1 Qa7 19. b4 Bb6 20. Rfe1 f6 21. exf6 Rxf6 22. a3 c5 23. bxc5 Bxc5 24. Kh1 Re4 25. Nb5 Qb6 26. Qxd5+ Rfe6 27. Bxc5 Rxe1+ 28. Rxe1 Qxc5 29. Qa8+ Kf7 30. Rxe6 Kxe6 31. Nd4+ Kf7 32. Nf3 Qxc3 33. Ng5+ Kf6 34. Ne4+ Kg6 35. Ng5 Bf5 36. Qe8+ Kh6 37. Nf7+ 1-0

[Event "Wch U10"]
[Site "Batumi"]
[Date "2022.09.20"]
[Round "5"]
[White "Lacan Rus, David"]
[Black "Yue, Tariq"]
[Result "1-0"]
[WhiteElo "1886"]
[BlackElo "1508"]
[PlyCount "171"]
[EventDate "2022.09.16"]
[EventType "swiss"]
[EventRounds "11"]
[EventCountry "GEO"]
[SourceTitle "EXT 2023"]
[Source "ChessBase"]
[SourceDate "2022.10.05"]
[SourceVersion "1"]
[SourceVersionDate "2022.10.05"]
[SourceQuality "1"]

1. e4 c5 2. Nc3 Nc6 3. Nge2 d6 4. d4 cxd4 5. Nxd4 Nf6 6. f3 g6 7. Be3 Bg7 8. Bc4 0-0 9. Bb3 Bd7 10. h4 h5 11. Qd2 Nxd4 12. Bxd4 b5 13. a4 bxa4 14. Nxa4 Qc7 15. Nc3 Be6 16. Bxe6 fxe6 17. g4 e5 18. Be3 hxg4 19. h5 gxh5 20. fxg4 hxg4 21. Nd5 Qb7 22. 0-0-0 Nxd5 23. exd5 e4 24. c3 Rf3 25. Bh6 Bf6 26. Qc2 Rb8 27. Rhe1 Qa6 28. Rxe4 Qa1+ 29. Kd2 Rf2+ 30. Re2 Rxe2+ 31. Kxe2 Qxb2 32. Qxb2 Rxb2+ 33. Kd3 Kh7 34. Bd2 Kg6 35. Rg1 Bg5 36. Be1 Rb1 37. Kc2 Rc1+ 38. Kd3 Kf5 39. Rf1+ Ke5 40. Bg3+ Kxd5 41. Rf5+ e5 42. Rxg5 Rf1 43. Rxg4 Rf3+ 44. Kc2 a5 45. Be1 Rf4 46. Rg7 a4 47. Ra7 Kc5 48. Bd2 Rc4 49. Kd3 d5 50. Be3+ Kc6 51. Ra6+ Kc7 52. Ra5 Kc6 53. Ra6+ Kc7 54. Re6 e4+ 55. Kc2 Kd7 56. Ra6 Kc7 57. Kb2 Kb7 58. Rb6+ Kc7 59. Ra6 Kb7 60. Ra5 Kc6 61. Bd4 Kd6 62. Ra6+ Ke7 63. Kc2 Kd7 64. Kd2 Rc6 65. Rxa4 Ke6 66. Ke3 Rc8 67. Ra6+ Ke7 68. Kf4 Rg8 69. Kf5 Rg2 70. Rh6 Rg8 71. Rg6 Rxg6 72. Kxg6 Ke6 73. Kg5 Kd7 74. Kf5 Kc8 75. Ke6 Kc7 76. Kxd5 Kc8 77. Kxe4 Kd7 78. Kd5 Kc7 79. Kc5 Kd7 80. Kb6 Kc8 81. c4 Kb8 82. Kc6 Kc8 83. Be5 Kd8 84. Kb7 Kd7 85. c5 Kd8 86. c6 1-0

[Event "EU-ch Amateur Online 1700/2000"]
[Site "Tornelo INT"]
[Date "2021.04.24"]
[Round "3"]
[White "Lacan Rus, David"]
[Black "Lagaras, Stylianos"]
[Result "0-1"]
[WhiteElo "1448"]
[BlackElo "1865"]
[PlyCount "98"]
[EventDate "2021.04.24"]
[EventType "swiss (rapid)"]
[EventRounds "8"]
[EventCountry "NET"]
[SourceTitle "EXT 2023"]
[Source "ChessBase"]
[SourceDate "2022.10.05"]
[SourceVersion "1"]
[SourceVersionDate "2022.10.05"]
[SourceQuality "1"]

1. e4 c5 2. Nf3 e6 3. c3 d5 4. exd5 Qxd5 5. Na3 a6 6. Be2 Nc6 7. 0-0 Nf6 8. Nc2 Qd7 9. d4 cxd4 10. Ncxd4 Bd6 11. Qc2 0-0 12. Bg5 Nd5 13. Rad1 e5 14. Nxc6 Qxc6 15. Qe4 Be6 16. c4 Nf4 17. Qxc6 Nxe2+ 18. Kh1 bxc6 19. Rxd6 Bxc4 20. Re1 f6 21. Be3 Nf4 22. Bxf4 exf4 23. b3 Bd5 24. Nd4 Rfe8 25. Rxe8+ Rxe8 26. h3 Re1+ 27. Kh2 Rc1 28. Rd8+ Kf7 29. Ra8 Rd1 30. Nf5 g6 31. Nh6+ Kg7 32. Ng4 h5 33. Ra7+ Bf7 34. Nh6 Kxh6 35. Rxf7 Kg5 36. h4+ Kf5 37. Ra7 Rd2 38. Rxa6 Rxf2 39. Kg1 Rc2 40. Kf1 g5 41. hxg5 fxg5 42. a4 h4 43. Rb6 g4 44. b4 f3 45. gxf3 g3 46. b5 h3 47. Rxc6 h2 48. Rh6 Rc1+ 49. Kg2 Rg1+ 0-1

[Event "Kaspersky op U16"]
[Site "Tornelo INT"]
[Date "2021.04.02"]
[Round "5"]
[White "Lacan Rus, David"]
[Black "Prisha, Lala"]
[Result "1-0"]
[WhiteElo "1448"]
[BlackElo "1070"]
[PlyCount "99"]
[EventDate "2021.04.02"]
[EventType "swiss (blitz)"]
[EventRounds "11"]
[EventCountry "RUS"]
[SourceTitle "CBM 201 Extra"]
[Source "ChessBase"]
[SourceDate "2021.05.31"]
[SourceVersion "1"]
[SourceVersionDate "2021.05.31"]
[SourceQuality "1"]

1. e4 e5 2. Nf3 Nc6 3. d4 exd4 4. Nxd4 Bb4+ 5. c3 Bc5 6. Be3 Bb6 7. Bc4 Nf6 8. Nd2 d5 9. exd5 Nxd5 10. Qf3 Be6 11. Nxe6 fxe6 12. Bxb6 axb6 13. 0-0 Ne5 14. Qh5+ Nf7 15. Rfe1 Qd7 16. Bxd5 g6 17. Qf3 Ng5 18. Qd3 0-0-0 19. Bxe6 Nxe6 20. Qxd7+ Kxd7 21. Nc4 Nc5 22. Ne5+ Ke6 23. Nxg6+ Kf6 24. Nxh8 Rxh8 25. Rad1 Rg8 26. Re3 Ne6 27. Rd7 Nf4 28. Rf3 Rxg2+ 29. Kh1 Rg4 30. Rxc7 Ke5 31. Rxb7 Kd6 32. Rxb6+ Kc5 33. Rf6 Ne2 34. h3 Rg1+ 35. Kh2 Rb1 36. b4+ Kc4 37. Rc6+ Kb5 38. Rc5+ Kb6 39. Rf6+ Kb7 40. a4 Rc1 41. Rf7+ Kb6 42. a5+ Ka6 43. Rf6+ Ka7 44. Rc7+ Kb8 45. Re7 Rxc3 46. Rf8+ Rc8 47. Rxc8+ Kxc8 48. Rxe2 Kb7 49. Re6 Ka7 50. Kg3 1-0

[Event "Ville d'Orsay online Blitz"]
[Site "Europe Echecs INT"]
[Date "2021.02.07"]
[Round "7"]
[White "Doluhanova, Evgeniya"]
[Black "Lacan Rus, David"]
[Result "1-0"]
[WhiteElo "2212"]
[BlackElo "1448"]
[PlyCount "91"]
[EventDate "2021.02.07"]
[EventType "swiss (blitz)"]
[EventRounds "11"]
[EventCountry "FRA"]
[SourceTitle "CBM 200 Extra"]
[Source "ChessBase"]
[SourceDate "2021.03.31"]
[SourceVersion "1"]
[SourceVersionDate "2021.03.31"]
[SourceQuality "1"]

1. e4 d5 2. exd5 Nf6 3. Nc3 Nxd5 4. Nxd5 Qxd5 5. d4 Nc6 6. Nf3 Bg4 7. Be3 0-0-0 8. c3 e6 9. Be2 Bd6 10. Qa4 Kb8 11. 0-0 Qh5 12. h3 Bf5 13. Qb5 g5 14. Ne5 g4 15. Nxc6+ Ka8 16. Nxd8 Rxd8 17. Bxg4 Bxg4 18. Qxh5 Bxh5 19. Rfe1 Bg6 20. Bg5 Rg8 21. Bf6 Kb8 22. Be5 Bxe5 23. dxe5 Kc8 24. Rad1 Bf5 25. Kf1 c6 26. Rd6 Kc7 27. Red1 Bg6 28. Rd7+ Kb6 29. Re7 Ka6 30. Rdd7 Rb8 31. b4 Kb6 32. a4 a6 33. a5+ Ka7 34. f4 Ka8 35. Kf2 Ka7 36. Ke3 Ka8 37. g4 Ka7 38. h4 h5 39. gxh5 Bxh5 40. Kd4 Bg6 41. Kc5 Bh5 42. Kd6 Bg6 43. Kc7 Bh5 44. Rd8 Rxd8 45. Kxd8 Bg6 46. Kc8 1-0

[Event "FISCA Online op"]
[Site "Chess.com INT"]
[Date "2020.06.25"]
[Round "6"]
[White "Lacan Rus, David"]
[Black "Iuga, Ioan Alexandru"]
[Result "1/2-1/2"]
[WhiteElo "1136"]
[BlackElo "1613"]
[PlyCount "33"]
[EventDate "2020.06.19"]
[EventType "swiss"]
[EventRounds "9"]
[EventCountry "ROU"]
[SourceTitle "CBM 197 Extra"]
[Source "ChessBase"]
[SourceDate "2020.09.30"]
[SourceVersion "1"]
[SourceVersionDate "2020.09.30"]
[SourceQuality "1"]

1. e4 e6 2. Qe2 c5 3. Nf3 Nc6 4. c3 Nge7 5. g3 d5 6. e5 d4 7. a4 Ng6 8. Na3 Qd5 9. Nc4 Ngxe5 10. Ncxe5 Nxe5 11. Nxe5 Qxh1 12. Qb5+ Ke7 13. Qxc5+ Kf6 14. Ng4+ Kg6 15. Ne5+ Kf6 16. Ng4+ Kg6 17. Ne5+ 1/2-1/2